Word Ladder: Bug Free Quiz Stats

 Plays Quiz Updated Jun 8, 2014

Support Sporcle.
Go Orange.
Score 0/18 Timer 03:00
1 Play Today
Hint Answer % Correct
Spielberg's shark flickJAWS
98.1%
Followers of JudaismJEWS
97.7%
Volcano's molten excrementLAVA
97.4%
AutomobilesCARS
97.4%
WagersBETS
97.1%
One of New York's professional football teamsJETS
96.8%
⚓ Alpha's successor ⚓BETA
95.4%
Tomb Raider, surname CroftLARA
95.2%
Caffeinated programming languageJAVA
93.2%
Hint Answer % Correct
Ulrich of Metallica fameLARS
91.5%
Throwing spears, for shortJAVS
90.2%
Surname Sagan, host of CosmosCARL
87.6%
Play shuffleboard on iceCURL
83.6%
Knit's counterpartPURL
66.5%
Another term for bugPEST
61.2%
⚓ Evaluate ⚓TEST
56.2%
Dandruff-blasting shampooPERT
56.1%
Versatile programming language PERL
54.9%

Today's Daily Dose

You're not logged in!

Compare scores with friends on all Sporcle quizzes.
OR
Log In

From the Vault

Yankees Retired Numbers

by Peacemaker

There have been some big baseball names in the Big Apple.
Remove Ads.
Support Sporcle.
Get the best of Sporcle when you Go Orange. This ad-free experience offers more features, more stats, and more fun while also helping to support Sporcle. Thank you for becoming a member.

Show Comments

Extras

Top Quizzes Today


Score Distribution

Your Account Isn't Verified!

In order to create a playlist on Sporcle, you need to verify the email address you used during registration. Go to your Sporcle Settings to finish the process.

Report this User

Report this user for behavior that violates our Community Guidelines.

Details: